Gaming Quiz

Random Gaming or Minefield Quiz

Knight Crossing a Chessboard Quiz Stats

 Plays Quiz Updated Sep 15, 2017

Score 0/37 Timer 05:00
25 Plays Today
% Correct
???
85.9%
???
81%
???
66.2%
???
64.3%
???
58.2%
???
50.1%
???
47.7%
???
46.1%
???
45.2%
???
44.4%
???
44.3%
???
40%
???
36.3%
???
35.8%
???
34.7%
???
33.9%
???
33.6%
???
31.8%
???
31.5%
% Correct
???
31.4%
???
30.3%
???
30.3%
???
30.1%
???
29.1%
???
28.6%
???
26.8%
???
26.7%
???
26.4%
???
26.1%
???
24.9%
???
24.3%
???
23.9%
???
21.9%
???
19.4%
???
18.2%
???
16.2%
???
16%

You're not logged in!

Compare scores with friends on all Sporcle quizzes.
OR
Log In

Show Comments

Extras

Top Quizzes Today


Score Distribution

Your Account Isn't Verified!

In order to create a playlist on Sporcle, you need to verify the email address you used during registration. Go to your Sporcle Settings to finish the process.

Report this User

Report this user for behavior that violates our Community Guidelines.

Details: